000 00638nam a22002537a 4500
003 UA-OsUOA
001 28403
007 ta
008 20050322b un ||||| |||| 00| 0 ukr d
100 _aГанеев Р. М.
090 _a004.738.5
_bГ19
942 _cBK
040 _aUA-OsUOA
_brus
_cUA-OsUOA
_dUA-OsUOA
245 _aWeb-интерфейс баз данных ODBC
300 _a202 с.
_bІлюстрації
955 _a0
041 _arus
080 _a004.738.5
020 _a5-93517-105-8
260 _aМ.
_bГорячая линия - Телеком
_c2003
044 _aRU
650 7 _2UDC
999 _c314770
_d314770